| 000 | 01722nam0a2200349 i 4500 | ||
|---|---|---|---|
| 001 | RU\NLR\BIBL_A\09994158 | ||
| 005 | 20260406083006.0 | ||
| 010 |
_a9785955803210 _bВузовский учебник |
||
| 010 |
_a978-5-16-006961-6 _bИНФРА-М _9700 |
||
| 021 |
_aRU _b2013-75013 _95153 |
||
| 035 | _a(NLR Aleph) 009994158 | ||
| 090 |
_a9750138 _c9750138 |
||
| 100 | _a20131030d2014 km y0rusy50 ca | ||
| 101 | 0 | _arus | |
| 102 | _aRU | ||
| 105 | _aa|||j|||001yy | ||
| 200 | 1 |
_aУчет затрат на производство и калькулирование себестоимости продукции (работ, услуг) _eучебно-практическое пособие _f[засл. деят. науки, д.э.н., проф. Ю.А. Бабаев и др.] _gпод ред. Ю. А. Бабаева |
|
| 205 | _a3-е изд., испр. и доп. | ||
| 210 |
_aМосква _cВузовский учебник _cИНФРА-М _d2014 _eЧехов (Моск. обл.) _gЧеховский Печатный Двор |
||
| 215 |
_a186 с. _cил. _d22 |
||
| 225 | 1 | _aВузовский учебник | |
| 606 | 1 |
_aПромышленная продукция _jПрактические пособия _xЗатраты на производство _xУчет _92127848 _3RU\NLR\AUTH\661284135 |
|
| 675 | _a657.1(075.8) | ||
| 686 | 1 | _aУ052.9(2)2-148.6я7 | |
| 702 | 1 |
_4220 _4340 _8rus _7ca _aБабаев _bЮ. А. _cд-р экон. наук _f1931- _gЮрий Агивович _3RU\NLR\AUTH\7748959 _931894 |
|
| 801 | 0 |
_aRU _bRuMoRKP _c20130919 _gRCR |
|
| 801 | 2 |
_aRU _bРГБ _c20130924 |
|
| 801 | 1 |
_aRU _bRuMoRKP _c20130919 _2rusmarc |
|
| 942 | _cBOOK | ||
| 980 | _aNBR | ||